| 000 | 00545nam a22001457a 4500 | ||
|---|---|---|---|
| 003 | macl | ||
| 005 | 20180415153646.0 | ||
| 008 | 180415b xxu||||| |||| 00| 0 eng d | ||
| 040 | _cmacl | ||
| 100 |
_aप्रो; हरिशंकर मिश्र _972051 |
||
| 245 | _aजगदीश गुप्त का काव्य मनन और मूल्यांकन | ||
| 260 |
_aदिल्ली _bअनंग प्रकाशन _c2015 |
||
| 650 |
_aकाव्य समीक्षा _948818 |
||
| 942 |
_2ddc _cHIN |
||
| 999 |
_c57739 _d57739 |
||